[Event "10th EICC"]
[Site "Budva MNE"]
[Date "2009.03.16"]
[Round "10"]
[White "Vucinic,P"]
[Black "Devereaux,M"]
[Result "1/2-1/2"]
[WhiteElo "2257"]
[BlackElo "2437"]
[EventDate "2009.03.06"]

1. e4 c5 2. c3 b6 3. d4 Bb7 4. Bd3 Nf6 5. Qe2 e6 6. Nf3 Be7 7. O-O d6 8.
Rd1 Qc7 9. Nbd2 Nbd7 10. Nf1 h6 11. Ng3 a6 12. h3 b5 13. Bd2 c4 14. Bc2 Nb6
15. Nh2 h5 16. f4 h4 17. Ngf1 d5 18. e5 Ne4 19. Ng4 O-O-O 20. Nf2 Nxf2 21.
Qxf2 g6 22. Nh2 Bc6 23. Nf3 Kb7 24. Ng5 Rdf8 25. Qe2 Qd8 26. Rf1 Nc8 27.
Qg4 Bxg5 28. fxg5 Ne7 29. Rf6 Ng8 30. Rff1 Ne7 31. Be1 Nf5 32. Bxf5 gxf5
33. Qf4 Rh5 34. Bxh4 Rfh8 35. g3 Qg8 36. Kh2 Qg6 37. Rg1 R5h7 38. Raf1 Rc8
39. Rb1 Bd7 40. Qf3 Kb6 41. Qf2 Qh5 42. Rg2 Rch8 1/2-1/2

[Event "10th EICC"]
[Site "Budva MNE"]
[Date "2009.03.16"]
[Round "10"]
[White "Pilaj,H"]
[Black "Plenca,J"]
[Result "0-1"]
[WhiteElo "2393"]
[BlackElo "2248"]
[EventDate "2009.03.06"]

1. Nf3 d5 2. d4 Nf6 3. c4 c6 4. e3 e6 5. Bd3 Nbd7 6. O-O Bd6 7. Nbd2 O-O 8.
e4 e5 9. cxd5 cxd5 10. Re1 Bc7 11. exd5 exd4 12. Ne4 h6 13. Bc4 Ne5 14.
Nxf6+ Qxf6 15. Nxe5 Bxe5 16. Bd2 Qd6 17. h3 Bf5 18. Qh5 Bh2+ 19. Kh1 Bg6
20. Qg4 Be5 21. f4 Bf6 22. f5 Bh7 23. Bxh6 Rfe8 24. Rf1 Kh8 25. Bd2 Rac8
26. Bb3 d3 27. Qf3 Bxb2 28. Rab1 Bc3 29. Qxd3 Bxd2 30. Qxd2 Re5 31. Rbe1
Rxf5 32. Rxf5 Bxf5 33. Qf2 Bg6 34. Qxa7 Be4 35. Qxb7 Rc3 36. Kg1 Qg3 37.
Qa8+ Kh7 0-1

[Event "10th EICC"]
[Site "Budva MNE"]
[Date "2009.03.16"]
[Round "10"]
[White "Susak,Z"]
[Black "Masic,P"]
[Result "0-1"]
[WhiteElo "2229"]
[BlackElo "2371"]
[EventDate "2009.03.06"]

1. e4 e6 2. d4 d5 3. e5 c5 4. Nf3 Nc6 5. Bd3 cxd4 6. O-O Nge7 7. Re1 Bd7 8.
a3 a5 9. Nbd2 Qb6 10. h4 f5 11. Ng5 h6 12. Nh3 O-O-O 13. c3 g5 14. hxg5 Bg7
15. Nf3 Ng6 16. cxd4 hxg5 17. Bxg5 Rde8 18. b4 Rh5 19. Qc2 Kb8 20. bxa5
Qxa5 21. Reb1 Bh6 22. Bf6 Rg8 23. Kf1 Nf4 24. Nxf4 Bxf4 25. g3 Bxg3 26.
fxg3 Rxg3 27. Qf2 Rhh3 28. Ng1 Rxd3 29. Nxh3 Rxh3 30. Kg2 Rd3 31. Rd1 Qc3
32. Rac1 Qb3 33. Rh1 f4 34. Bg5 Rg3+ 0-1

[Event "10th EICC"]
[Site "Budva MNE"]
[Date "2009.03.16"]
[Round "10"]
[White "Anton,T"]
[Black "Pejovic,J"]
[Result "1-0"]
[WhiteElo "2350"]
[BlackElo "2214"]
[EventDate "2009.03.06"]

1. d4 d6 2. Nf3 Nd7 3. c4 e5 4. Nc3 g6 5. g3 f6 6. Bg2 Nh6 7. O-O Nf7 8. e4
Bg7 9. h4 c6 10. Be3 O-O 11. h5 f5 12. Qd2 exd4 13. Bxd4 Nde5 14. hxg6 hxg6
15. exf5 gxf5 16. b3 Nxf3+ 17. Bxf3 Ne5 18. Bg2 Qf6 19. Ne2 Qg6 20. Rad1 f4
21. Nxf4 Rxf4 22. Qxf4 Bg4 23. Qe4 Bf5 24. Qe2 Re8 25. Bxe5 dxe5 26. Bf3
Rf8 27. Rfe1 Bf6 28. Be4 Be7 29. Bxf5 Rxf5 30. c5 Kf8 31. b4 b6 32. Qc2
bxc5 33. Rxe5 1-0

[Event "10th EICC"]
[Site "Budva MNE"]
[Date "2009.03.16"]
[Round "10"]
[White "Aleskerov,F"]
[Black "Anicic,V"]
[Result "1/2-1/2"]
[WhiteElo "2340"]
[BlackElo "2212"]
[EventDate "2009.03.06"]

1. Nf3 d6 2. d4 Bg4 3. e4 Nf6 4. Nc3 c6 5. h3 Bh5 6. g4 Bg6 7. e5 dxe5 8.
Nxe5 Nbd7 9. f4 e6 10. h4 Nxe5 11. fxe5 Ne4 12. h5 Nxc3 13. bxc3 Be4 14.
Rh3 h6 15. Bd3 Bxd3 16. Qxd3 Be7 17. Rb1 Qd7 18. Ke2 O-O-O 19. Rf3 Rhf8 20.
Be3 f6 21. Bf4 Qd5 22. Rbf1 f5 23. Rg1 fxg4 24. Rxg4 Rf7 25. c4 Qxd4 26.
Qxd4 Rxd4 27. Bxh6 Rxf3 28. Rxd4 Rg3 29. Kf2 Rh3 30. Bxg7 Bc5 31. Kg2 Rxh5
32. Rg4 Rf5 33. Kh3 Rf2 34. Rg2 Rf4 35. Rg4 1/2-1/2

[Event "10th EICC"]
[Site "Budva MNE"]
[Date "2009.03.16"]
[Round "10"]
[White "Elkin,L"]
[Black "Bonte,An"]
[Result "0-1"]
[WhiteElo "2191"]
[BlackElo "2335"]
[EventDate "2009.03.06"]

1. d4 Nf6 2. c4 c5 3. d5 e6 4. Nc3 exd5 5. cxd5 d6 6. Nf3 g6 7. Bf4 Bg7 8.
e4 O-O 9. Nd2 a6 10. a4 Nh5 11. Be3 Nd7 12. Be2 Nhf6 13. O-O Rb8 14. Kh1
Re8 15. Qc2 Ne5 16. f4 Neg4 17. Bg1 Nh5 18. g3 f5 19. Bxg4 fxg4 20. a5 b5
21. axb6 Rxb6 22. Nc4 Rb4 23. Qd3 a5 24. Nxa5 Bxc3 25. Qxc3 Rbxe4 26. Rfe1
Qe7 27. Nc6 Qf7 28. Ra7 Qxd5 0-1

[Event "10th EICC"]
[Site "Budva MNE"]
[Date "2009.03.16"]
[Round "10"]
[White "Draskovic,L"]
[Black "Sekulic,D"]
[Result "1-0"]
[WhiteElo "1983"]
[BlackElo "2316"]
[EventDate "2009.03.06"]

1. e4 e5 2. Nf3 Nc6 3. d4 exd4 4. Nxd4 Bc5 5. Be3 Qf6 6. c3 Nge7 7. Bc4 O-O
8. O-O Ne5 9. Be2 d5 10. f4 Nc4 11. Bxc4 dxc4 12. Nd2 b5 1-0

[Event "10th EICC"]
[Site "Budva MNE"]
[Date "2009.03.16"]
[Round "10"]
[White "Nestorovic,L"]
[Black "Nikac,P"]
[Result "0-1"]
[WhiteElo "2207"]
[BlackElo "2395"]
[EventDate "2009.03.06"]

1. e4 c5 2. Nf3 Nc6 3. d4 cxd4 4. Nxd4 e5 5. Nb5 d6 6. c4 Be7 7. b3 Nf6 8.
Bd3 Be6 9. O-O Rc8 10. Bb2 O-O 11. N1c3 a6 12. Na3 Nb4 13. Nc2 Nxd3 14.
Qxd3 Nh5 15. Nd5 b5 16. Nce3 Nf4 17. Nxf4 exf4 18. Nd5 bxc4 19. bxc4 Bg5
20. Qd4 Bh6 21. f3 Qg5 22. Rfd1 Rfe8 23. Re1 Bxd5 24. Qxd5 Re6 25. Bd4 Rg6
26. Re2 Qh4 27. Rb1 Bg5 28. Rb7 Be7 29. Bf2 Qf6 30. Reb2 Qc3 31. Qd1 Bf8
32. Rb8 Qxc4 33. Rxc8 Qxc8 34. Kh1 Re6 35. Qc2 Qxc2 36. Rxc2 f5 37. exf5
Re5 38. g4 fxg3 39. hxg3 Rxf5 40. Kg2 Kf7 41. Be1 Rc5 42. Rb2 Be7 43. f4
Ke6 44. Kf3 Rc4 45. Ke3 Bf6 46. Re2 Ra4 47. Kd3+ Kf5 48. Rc2 h5 49. Bf2 d5
50. Be1 Ra3+ 51. Ke2 Ke4 52. Kd2 d4 0-1

[Event "10th EICC"]
[Site "Budva MNE"]
[Date "2009.03.16"]
[Round "10"]
[White "Vulevic,V"]
[Black "Schartz,A"]
[Result "1/2-1/2"]
[WhiteElo "2325"]
[BlackElo "2202"]
[EventDate "2009.03.06"]

1. e4 c5 2. Nf3 Nc6 3. b3 e5 4. Bb2 d6 5. Bb5 Nge7 6. a4 a6 7. Bc4 Ng6 8.
h4 Be7 9. h5 Nf4 10. g3 Ne6 11. c3 Ng5 12. Nxg5 Bxg5 13. Na3 Be6 14. Bxe6
fxe6 15. Qg4 Qe7 16. f4 exf4 17. gxf4 Bf6 18. Nc4 O-O-O 19. a5 Kb8 20. Ne3
Rhe8 21. O-O g6 22. hxg6 Rg8 23. Kf2 Rxg6 24. Qh5 Rdg8 25. Rh1 d5 26. e5 d4
27. Nf1 Rg2+ 28. Ke1 Bh8 29. cxd4 Nb4 30. Qf3 Nc2+ 31. Kd1 Nxa1 32. Bxa1
Qc7 33. Bc3 cxd4 34. Bxd4 R2g7 35. Bb6 Qd7 36. Kc2 Rc8+ 37. Kb2 Rf7 38. Qe4
Ka8 39. Rh3 Qb5 40. Rf3 Bxe5+ 41. fxe5 Rxf3 42. Qxf3 Qxe5+ 43. d4 Qe1 44.
Ne3 Qc3+ 1/2-1/2

[Event "10th EICC"]
[Site "Budva MNE"]
[Date "2009.03.16"]
[Round "10"]
[White "Rajcevic,S"]
[Black "Brajovic,R"]
[Result "0-1"]
[WhiteElo "2161"]
[BlackElo "2275"]
[EventDate "2009.03.06"]

1. d4 Nf6 2. c4 e6 3. Nc3 Bb4 4. Qc2 O-O 5. a3 Bxc3+ 6. Qxc3 d6 7. Nf3 b6
8. b4 c5 9. e3 Bb7 10. Bb2 Nbd7 11. Be2 Qc7 12. O-O a5 13. dxc5 bxc5 14. b5
e5 15. Rfd1 Rfe8 16. Nh4 g6 17. Bf3 Bxf3 18. Nxf3 Nb6 19. Qc2 a4 20. Rac1
Rac8 21. h3 h6 22. Rd2 Re6 23. Rcd1 Rce8 24. Nh2 Qe7 25. f3 Nfd7 26. Ng4 h5
27. Nf2 f5 28. Qc3 Kh7 29. e4 f4 30. Qc2 Nc8 31. Qxa4 Ncb6 32. Qb3 Ra8 33.
Rc1 g5 34. Kf1 Rg6 35. Ke2 Ra4 36. Rc3 Nf8 37. Rcd3 Rxc4 38. Rd5 Ra4 39.
Rxd6 Rxd6 40. Rxd6 Qxd6 41. Qf7+ Kh6 42. Bxe5 Qxe5 43. Qxf8+ Qg7 44. Qd6+
Qg6 45. Qxc5 Ra8 46. Nd3 Rc8 47. Qd4 Qe6 48. Kf2 Nc4 0-1

[Event "10th EICC"]
[Site "Budva MNE"]
[Date "2009.03.16"]
[Round "10"]
[White "Ceranic,M"]
[Black "Andrejic,V"]
[Result "1-0"]
[WhiteElo "2147"]
[BlackElo "2275"]
[EventDate "2009.03.06"]

1. e4 c5 2. Nf3 e6 3. d4 cxd4 4. Nxd4 Nc6 5. Nb5 d6 6. c4 a6 7. N5c3 Nf6 8.
Be2 Be7 9. Be3 O-O 10. O-O b6 11. Nd2 Nd7 12. Rc1 Bb7 13. Nb3 Qc7 14. Nd2
Rac8 15. Nd5 Qd8 16. Nxe7+ Nxe7 17. Bg5 Re8 18. Rc3 d5 19. exd5 exd5 20.
Rg3 f6 21. Bf4 Ng6 22. Be3 Nde5 23. cxd5 Ne7 24. d6 Qxd6 25. Qb3+ Bd5 26.
Qxb6 Rc6 27. Qa5 Nf5 28. Rh3 Nxe3 29. Rxe3 Rb8 30. b3 Rc5 31. Qa3 Qc7 32.
Bf3 Nxf3+ 33. Nxf3 Bb7 34. Rfe1 Rc8 35. Re7 Qc6 36. Qb4 Rc7 37. R7e6 Qd5
38. Qg4 Bc8 39. Re8+ Kf7 40. Qa4 Rc1 41. Rf8+ Kg6 42. Qe8+ Kf5 43. Qh5+ g5
44. Qxg5+ 1-0

[Event "10th EICC"]
[Site "Budva MNE"]
[Date "2009.03.16"]
[Round "10"]
[White "Veleski,R"]
[Black "Jakic,V"]
[Result "1-0"]
[WhiteElo "2269"]
[BlackElo "2154"]
[EventDate "2009.03.06"]

1. e4 c5 2. b3 Nc6 3. Bb2 d6 4. Bc4 Nf6 5. Nc3 a6 6. a4 e6 7. Nf3 d5 8. Bd3
d4 9. Na2 e5 10. h3 h6 11. Bc4 Bd6 12. d3 O-O 13. g4 b5 14. axb5 axb5 15.
Bxb5 Na5 16. Nc1 Rb8 17. Ba4 c4 18. Qe2 cxb3 19. cxb3 Be6 20. Nd2 Bb4 21.
Ba3 Bxa3 22. Rxa3 Qd6 23. Ra1 Qb4 24. O-O Rfc8 25. Nc4 Nxc4 26. dxc4 Ra8
27. Nd3 Qb8 28. Bb5 Rxa1 29. Rxa1 Bd7 30. Ra5 Qc7 31. Bxd7 Nxd7 32. Qa2 Re8
33. Ra7 Qd8 34. Qa4 Nf6 35. f3 h5 36. Qa5 Qb8 37. Qc7 Qxc7 38. Rxc7 Nh7 39.
Ra7 Ng5 40. Kg2 h4 41. c5 Ne6 42. b4 Rb8 43. c6 Rb6 44. c7 Nxc7 45. Rxc7 f6
46. Kf2 Ra6 47. Rc2 Kf7 48. b5 Rb6 49. Rc7+ Kg6 50. Rc5 Rb8 51. Ke2 1-0

[Event "10th EICC"]
[Site "Budva MNE"]
[Date "2009.03.16"]
[Round "10"]
[White "Franciskovic,B"]
[Black "Berke,A"]
[Result "1/2-1/2"]
[WhiteElo "2260"]
[BlackElo "2081"]
[EventDate "2009.03.06"]

1. Nf3 Nc6 2. d4 e6 3. e4 d6 4. Nc3 Nf6 5. Be2 g6 6. O-O Bg7 7. h3 O-O 8.
Be3 h6 9. Qd2 Kh7 10. Nh2 e5 11. d5 Ne7 12. f4 exf4 13. Rxf4 g5 14. Rf2 Ng6
15. Raf1 Qe7 16. Bd3 1/2-1/2

[Event "10th EICC"]
[Site "Budva MNE"]
[Date "2009.03.16"]
[Round "10"]
[White "Becic,S"]
[Black "Rabrenovic,M"]
[Result "0-1"]
[WhiteElo "2131"]
[BlackElo "2257"]
[EventDate "2009.03.06"]

1. e4 c5 2. Nf3 e6 3. d3 Nc6 4. g3 g6 5. Bg2 Bg7 6. O-O Nge7 7. Nbd2 O-O 8.
c3 d6 9. Nb3 a5 10. a4 e5 11. d4 exd4 12. cxd4 c4 13. Nbd2 f5 14. exf5 d5
15. fxg6 Nxg6 16. h3 Bf5 17. Ne1 Nxd4 18. g4 Be6 19. Nef3 Nc6 20. Re1 Qf6
21. Nf1 Nce5 22. Qe2 Nxf3+ 23. Qxf3 Qxf3 24. Bxf3 Rxf3 25. Rxe6 Raf8 26.
Re2 Rxh3 27. Kg2 Rhf3 28. Ne3 Nh4+ 29. Kg1 Re8 30. Rc2 Re4 31. Bd2 Rff4 32.
Rd1 d4 33. Rxc4 Nf3+ 34. Kg2 Nxd2 35. Rxd2 dxe3 36. Rd8+ Bf8 37. Rxe4 Rxe4
38. fxe3 Rxg4+ 39. Kf3 Rxa4 0-1

[Event "10th EICC"]
[Site "Budva MNE"]
[Date "2009.03.16"]
[Round "10"]
[White "Drljevic,L"]
[Black "Papp,P"]
[Result "1-0"]
[WhiteElo "2244"]
[BlackElo "2134"]
[EventDate "2009.03.06"]

1. e4 c5 2. d3 d6 3. g3 g6 4. Bg2 Bg7 5. f4 Nc6 6. Nf3 e6 7. O-O Nge7 8. c3
O-O 9. Be3 Rb8 10. Nbd2 Qc7 11. d4 b6 12. Qe2 Bb7 13. Rac1 Rfe8 14. b4 cxb4
15. cxb4 Qd7 16. a3 Rbc8 17. Bh3 Nb8 18. d5 Ba6 19. dxe6 fxe6 20. b5 Bxb5
21. Bxe6+ Qxe6 22. Qxb5 Bf6 23. Ng5 Bxg5 24. Qxg5 Nf5 25. Bf2 Ng7 26. Bd4
Rxc1 27. Rxc1 Qe7 28. Qd5+ Qe6 29. Rc7 Qxd5 30. Rxg7+ Kf8 31. exd5 Re2 32.
Nf3 Na6 33. Rxh7 Ra2 34. Ng5 Rxa3 35. Bf6 Ke8 36. Re7+ Kf8 37. Ne6+ Kg8 38.
Re8+ Kh7 1-0

[Event "10th EICC"]
[Site "Budva MNE"]
[Date "2009.03.16"]
[Round "10"]
[White "Medancic,R"]
[Black "Karisik,N"]
[Result "1/2-1/2"]
[WhiteElo "2242"]
[BlackElo "2023"]
[EventDate "2009.03.06"]

1. b3 e5 2. Bb2 Nc6 3. e3 d5 4. Bb5 Bd6 5. Bxc6+ bxc6 6. Nf3 Qe7 7. d3 f5
8. Nbd2 Nf6 9. Qe2 e4 10. Nd4 Bd7 11. c4 O-O 12. h3 Rae8 13. O-O-O a5 14.
Nc2 a4 15. d4 axb3 16. axb3 Bb4 17. c5 Bxd2+ 18. Kxd2 f4 19. Ra1 f3 20. Qf1
fxg2 21. Qxg2 Nh5 22. Bc3 Qh4 23. Ke2 Rf3 24. Be1 Re6 25. Qh2 Re8 26. Qxc7
Rf7 27. Kd2 Qf6 28. Qh2 Qf3 29. Ra7 Ref8 30. Rb7 h6 31. Rb8 Rxb8 32. Qxb8+
Kh7 33. Qh2 Bf5 34. Rg1 Bxh3 35. Nb4 Rb7 36. Kc3 Bd7 37. Qd6 Qf6 38. Qxf6
Nxf6 39. Bd2 Be8 40. Nc2 g5 41. Ne1 Kg6 42. Kb2 h5 43. f4 exf3 44. Nxf3 Ng4
45. e4 dxe4 46. Ne5+ Kf5 47. Rf1+ Ke6 48. Bxg5 Rg7 49. Bh4 e3 50. Rf8 Bd7
51. Nd3 Kd5 52. Kc3 e2 53. Rf4 Rh7 54. Nb4+ Ke6 55. Re4+ Kf5 56. Rxe2 Kf4
57. Kd2 Nh6 58. d5 Nf5 59. Bd8 Nd4 60. Nd3+ Kg3 61. Bc7+ Kh3 62. Re3+ Kg2
63. Kc1 Nxb3+ 64. Kb2 Nd4 65. Be5 Nf5 66. Nf4+ Kf2 67. Rc3 cxd5 68. Nxd5
Bc6 69. Nf4 h4 70. Nh3+ Ke2 71. Rc2+ Kd3 72. Rc3+ Ke2 73. Rc2+ Kd3 1/2-1/2

[Event "10th EICC"]
[Site "Budva MNE"]
[Date "2009.03.16"]
[Round "10"]
[White "Stamatovic,V"]
[Black "Bozinovic,Bob"]
[Result "0-1"]
[WhiteElo "1974"]
[BlackElo "2095"]
[EventDate "2009.03.06"]

1. d4 Nf6 2. c4 c5 3. d5 b5 4. f3 bxc4 5. e4 d6 6. Bxc4 g6 7. Nc3 Bg7 8.
Nge2 O-O 9. O-O Nbd7 10. f4 Nb6 11. Bd3 Bb7 12. f5 Nfd7 13. Ng3 Ne5 14. Bc2
Ba6 15. Re1 Rb8 16. Rb1 Nbd7 17. Nce2 Qb6 18. Nf4 Nf6 19. h3 Rb7 20. Kh2
Rfb8 21. Nge2 Nfd7 22. Nc3 Qc7 23. Nce2 Bxe2 24. Qxe2 Qa5 25. a3 Qb5 26.
Qd1 Qa6 27. b3 Qa5 28. Qe2 Qc7 29. fxg6 hxg6 30. Rf1 c4 31. Bd1 cxb3 32.
Bb2 Qc4 33. Qe1 Nc5 34. Be2 Qxe4 35. Qf2 Ncd7 36. Rfe1 Qa4 37. Rf1 Rc8 38.
Nd3 Bf6 39. Rbc1 Rbc7 40. Rxc7 Rxc7 41. Nxe5 Nxe5 42. Rc1 Rxc1 43. Bxc1 Nc4
0-1

[Event "10th EICC"]
[Site "Budva MNE"]
[Date "2009.03.16"]
[Round "10"]
[White "Simic,V"]
[Black "Dedic,S"]
[Result "1-0"]
[WhiteElo "2064"]
[BlackElo "1968"]
[EventDate "2009.03.06"]

1. e4 e6 2. d4 d5 3. Nc3 Bb4 4. Nge2 dxe4 5. a3 Bxc3+ 6. Nxc3 f5 7. f3 exf3
8. Qxf3 Qxd4 9. Be3 Qg4 10. Qf2 a6 11. Be2 Qg6 12. O-O-O Nf6 13. Bf4 Qf7
14. Qc5 Qe7 15. Qxc7 Qxc7 16. Bxc7 O-O 17. Bf3 Nbd7 18. Rhe1 Kf7 19. h3 Ra7
20. g4 Ne8 21. Bh2 fxg4 22. Bxg4 Kg8 23. Bg1 Ra8 24. Rd3 Nb8 25. Bc5 Rf3
26. Rxf3 Nd7 27. Rxe6 Nc7 28. Re7 Nxc5 29. Rxc7 Bxg4 30. Rg3 Ne6 31. Re7
Kf8 32. Nd5 h5 33. Rxg4 hxg4 34. Rxe6 Rd8 35. c4 Kf7 36. Re4 Rc8 37. Rxg4
b5 38. b3 bxc4 39. Rxc4 Rh8 40. Rc6 Rxh3 41. Kc2 g5 42. Rf6+ Kg7 43. Rxa6
g4 44. Nf4 Kf7 45. Nxh3 1-0

[Event "10th EICC"]
[Site "Budva MNE"]
[Date "2009.03.16"]
[Round "10"]
[White "Kruljac,P"]
[Black "Gagic,M"]
[Result "1-0"]
[WhiteElo "2052"]
[BlackElo "1880"]
[EventDate "2009.03.06"]

1. d4 d5 2. c4 c6 3. e3 Nf6 4. Nc3 a6 5. Nf3 Bf5 6. Qb3 Ra7 7. a4 e6 8. a5
Nbd7 9. Bd2 dxc4 10. Bxc4 Bd6 11. O-O Ne4 12. Rfe1 O-O 13. Be2 Qf6 14. Nxe4
Bxe4 15. Bb4 Bxb4 16. Qxb4 Re8 17. Nd2 Bg6 18. Nc4 Qg5 19. Bf3 h6 20. e4
Bh5 21. Bxh5 Qxh5 22. Nd6 Rd8 23. e5 Qg5 24. Re3 Qe7 25. Qb3 Qh4 26. Qd3
Nf8 27. Rf3 Rd7 28. Rd1 Ra8 29. Qe3 Qd8 30. Rg3 Ng6 31. Nc4 Rb8 32. Nb6 Re7
33. h4 Kh8 34. h5 Nf8 35. Qf4 Nd7 36. Nc4 Qf8 37. Rf3 b6 38. Nd6 Kg8 39.
Rg3 Kh8 40. Rf3 Kg8 41. b4 bxa5 42. bxa5 Rb4 43. g4 c5 44. g5 Rxd4 45. Rxd4
hxg5 46. Qxg5 cxd4 47. h6 f6 48. exf6 Nxf6 49. Qg6 Rd7 50. Ne4 Kh8 51. Rh3
Kg8 52. Nxf6+ 1-0

[Event "10th EICC"]
[Site "Budva MNE"]
[Date "2009.03.16"]
[Round "10"]
[White "Malureanu,C"]
[Black "Bajkovic,N"]
[Result "1/2-1/2"]
[WhiteElo "2013"]
[BlackElo "2180"]
[EventDate "2009.03.06"]

1. e4 c5 2. Nf3 d6 3. d4 cxd4 4. Nxd4 Nf6 5. Nc3 a6 6. f4 e5 7. Nf3 Qc7 8.
Bd3 Be7 9. O-O O-O 10. Kh1 Nbd7 11. a4 b6 12. Qe1 Bb7 13. Bd2 Rfe8 14. b4
Bf8 15. Na2 exf4 16. Nc3 Nxe4 17. Nxe4 d5 18. Nf6+ Nxf6 19. Qh4 Ne4 20.
Bxf4 Bd6 21. Bxd6 Qxd6 22. Ng5 Nxg5 23. Qxg5 Re5 24. Qh4 h6 25. Rf2 Rg5 26.
Raf1 f6 27. Qd4 Re8 28. c4 Rge5 29. c5 bxc5 30. bxc5 Qc7 31. Rc2 Bc6 32.
Ra2 Re4 33. Bxe4 Rxe4 34. Qd3 d4 35. Qg3 Qe7 36. Raf2 Re1 37. Rxf6 Rxf1+
38. Rxf1 Qxc5 39. Qb3+ Bd5 40. Qb8+ Kh7 41. Qf8 Qc4 42. Qf5+ Kh8 43. h3 Be4
44. Qf7 Bd5 45. Qe8+ Bg8 46. Rd1 d3 47. Qd8 Qxa4 48. Rxd3 a5 49. Qd4 Qb5
50. Rg3 Qb1+ 51. Kh2 Qb7 52. Qa1 Qc7 53. Qc3 Qa7 54. Rg6 Kh7 55. Rc6 Bf7
56. Rc7 Qf2 57. Qc2+ Qxc2 58. Rxc2 a4 59. Rc7 Kg6 60. Ra7 Be8 61. Kg3 Kf6
62. Kf2 g6 63. Ke3 Bb5 64. Ra5 Bd7 65. Kd4 g5 66. Ra6+ Kf5 67. Rxh6 Kf4 68.
Rd6 Bc8 69. g4 Bb7 70. Re6 a3 71. Re3 a2 72. Ra3 Bg2 73. Rxa2 1/2-1/2

[Event "10th EICC"]
[Site "Budva MNE"]
[Date "2009.03.16"]
[Round "10"]
[White "Kanceljak,D"]
[Black "Gazvoda,F"]
[Result "0-1"]
[WhiteElo "1917"]
[BlackElo "2065"]
[EventDate "2009.03.06"]

1. e4 c5 2. Nf3 e6 3. d4 cxd4 4. Nxd4 Nf6 5. Nc3 Nc6 6. Ndb5 d6 7. Bf4 e5
8. Bg5 a6 9. Na3 b5 10. Nd5 Be7 11. Bxf6 Bxf6 12. c3 Bg5 13. h4 Bh6 14. Nc2
Ne7 15. Ncb4 Bb7 16. a4 Nxd5 17. Nxd5 O-O 18. axb5 a5 19. g3 Kh8 20. Bh3 g6
21. O-O f5 22. exf5 gxf5 23. Qh5 Bxd5 24. Qxh6 Rf6 25. Qh5 f4 26. Bf5 Qg8
27. Kh2 Raf8 28. Bh3 fxg3+ 29. Kg1 gxf2+ 30. Kh2 Bf3 31. Qg5 Rg6 32. Rxf2
Rxg5 33. hxg5 Qxg5 34. Rg1 Qf4+ 35. Rg3 e4 36. Be6 Rf6 37. b6 Rh6+ 38. Bh3
Rxh3+ 39. Kxh3 Qh6+ 0-1

[Event "10th EICC"]
[Site "Budva MNE"]
[Date "2009.03.16"]
[Round "10"]
[White "Zdravkovic,DS"]
[Black "Vukovic,K"]
[Result "0-1"]
[WhiteElo "2130"]
[BlackElo "2055"]
[EventDate "2009.03.06"]

1. e4 e6 2. e5 d5 3. exd6 cxd6 4. d4 Nf6 5. c3 Nc6 6. Bg5 Be7 7. Nf3 Ne4 8.
Bxe7 Nxe7 9. Bd3 Nf6 10. O-O O-O 11. Nbd2 d5 12. Rc1 Qa5 13. Bb1 b5 14. Nb3
Qc7 15. Ne5 Nd7 16. Qd3 g6 17. Rfe1 Nxe5 18. Rxe5 Nc6 19. Rh5 f5 20. Rh6 a5
21. Qh3 e5 22. dxe5 Nxe5 23. f3 Ra7 24. Nd4 b4 25. Qh4 Qg7 26. h3 Nf7 27.
Nc6 Rc7 28. Ne7+ Rxe7 29. Qxe7 Qxh6 30. Rd1 bxc3 31. bxc3 Qg7 32. Qc5 a4
33. Rxd5 Be6 34. Rd4 Rc8 35. Qb4 Qe5 36. Kf2 Rb8 37. f4 Rxb4 38. fxe5 Rxb1
0-1

[Event "10th EICC"]
[Site "Budva MNE"]
[Date "2009.03.16"]
[Round "10"]
[White "Kopischke,M"]
[Black "Petovic,L"]
[Result "0-1"]
[WhiteElo "1910"]
[BlackElo "2052"]
[EventDate "2009.03.06"]

1. Nf3 Nf6 2. d4 g6 3. Bf4 Bg7 4. e3 O-O 5. h3 d5 6. Nbd2 c5 7. c3 Nc6 8.
Be2 Qb6 9. Qb3 h6 10. O-O g5 11. Qxb6 axb6 12. Bc7 Nd7 13. Bh2 e5 14. dxe5
Ndxe5 15. Nxe5 Nxe5 16. Nf3 f6 17. Rfd1 Be6 18. a3 Rfd8 19. Kf1 Rd7 20. Rd2
Rad8 21. Rad1 Kf8 22. Ke1 Kg8 23. Kf1 Kh7 24. Bg3 Kg6 25. Ke1 h5 26. Nxe5+
fxe5 27. Bb5 Re7 28. Kf1 Ra8 29. Bd3+ e4 30. Be2 Rf7 31. Kg1 Raf8 0-1